Statistiques concernant Filiales de LVMH

Cliquez ici pour prendre le quiz!

Statistiques générales

  • Ce quiz a été pris 88 fois
  • Le résultat moyen est 11 sur 64

Statistiques - réponses

ActivitéRéponse% Correct
ModeLouis Vuitton
92%
ModeChristian Dior
72%
ChampagneMoët & Chandon
72%
ParfumsParfums Christian Dior
72%
CognacHennessy
51%
MagasinSephora
42%
ModeGivenchy
31%
ParfumsGivenchy Parfums
31%
Mode & MaroquinerieCéline
28%
ModeFendi
28%
ModeKenzo
28%
ParfumsKenzo Parfums
28%
JoaillerieTiffany & Co.
28%
VodkaBelvedere
27%
ChampagneMaison Ruinart
25%
ChampagneDom Pérignon
24%
ParfumsGuerlain
23%
PresseLe Parisien
23%
MontresTAG Heuer
23%
ChampagneVeuve Clicquot Ponsardin
21%
ModeLoewe
20%
MontresHublot
18%
HôtellerieCheval Blanc
17%
ChampagneKrug
17%
Montres & JoaillerieBulgari
15%
MagasinLe Bon Marché
14%
ModeMarc Jacobs
14%
CosmétiquesBenefit Cosmetics
11%
PresseLes Echos
11%
MaroquinerieBerluti
10%
Montres & JoaillerieChaumet
10%
MaroquinerieRimowa
10%
HôtellerieBelmond
8%
ChampagneMercier
8%
MontresZenith
8%
Parfums & cosmétiquesAcqua di Parma
7%
RhumEminente
7%
PresseInvestir
7%
ModeLoro Piana
7%
CosmétiquesMake Up For Ever
7%
Site internet24S
6%
MagasinDuty Free Shoppers
6%
ModeEmilio Pucci
6%
Montres & JoaillerieFred
6%
RadioRadio Classique
6%
Parfums & cosmétiquesFresh
4%
WhiskyGlenmorangie
4%
MagasinLa Grande Epicerie de Paris
4%
MaroquinerieMoynat
4%
WhiskyArdbeg
3%
ChampagneArmand de Brignac
3%
PresseConnaissance des arts
3%
CosmétiquesFenty Beauty by Rihanna
3%
LoisirsJardin d'acclimatation
3%
Parfums & cosmétiquesCha Ling
1%
ParfumsMaison Francis Kurkdjian
1%
ParfumsOfficine universelle Buly
1%
ModePatou
1%
JoaillerieRepossi
1%
YachtsRoyal Van Lent
1%
TequilaVolcan de mi Terra
1%
WhiskyWoodinville
1%
Boutiques de croisièreStarboard Cruise Services
0%
Alcool blancWenjun
0%

Distribution des résultats

Percentile par nombre de réponses

% des personnes avec chaque résultat

Votre développement - résultats

Vous n’avez pas pris ce quiz